00644 2200241 4500001002100000005001500021035002000036007000300056008004100059020001900100082000800119084001400127100001900141245007500160250001000235260004500245300002900290650003100319504001600350990001200366990001200378990001200390INLIS00000000001743920241015032021 a0010-1024000167ta241015 g 0 ind  a978074605 6806 a507 a507 FIO u0 aFIONA,Chandler1 aUsborne Ensiklopedia Pertama Terhubung internet kita /cFiona chandler acet.2 ajakarta :busborne publishing ltd,c2004 a64 hlm. :bilus ;c28 cm 4aSAINS-STUDI DAN PENGAJARAN abibliografi a11776 a a11776 b a11776 c